30 cidades mais populosas da Paraíba - Statistics

Estatísticas Gerais
  • Esse quiz foi jogado 188 vezes
  • A pontuação média é 17 de 30
Estatísticas das Respostas
Nº de Habitantes Letra Inicial Cidade % Correto
791 438 J João Pessoa
100%
405 072 C Campina Grande
99%
106 314 P Patos
92%
96 140 B Bayeux
87%
134 940 S Santa Rita
83%
68 822 S Sousa
81%
61 431 C Cajazeiras
78%
65 634 C Cabedelo
75%
58 162 G Guarabira
64%
52 218 S Sapé
62%
43 667 Q Queimadas
58%
44 369 M Mamanguape
57%
32 712 P Pombal
57%
32 774 M Monteiro
55%
23 110 A Areia
52%
23 975 C Conde
51%
32 785 E Esperança
51%
21 235 B Bananeiras
43%
26 734 S Solânea
42%
28 646 A Alagoa Grande
41%
24 023 R Rio Tinto
41%
30 179 C Catolé do Rocha
38%
24 565 I Itabaiana
38%
24 499 I Itaporanga
38%
27 247 L Lagoa Seca
36%
21 755 M Mari
36%
33 464 S São Bento
36%
28 286 P Pedras de Fogo
34%
22 995 P Princesa Isabel
33%
21 555 C Caaporã
29%
Nenhum quiz correspondente encontrado
Distribuição das Pontuações
Porcentagem de Pessoas com Cada Pontuação
Percentil de Números Respondidos
Sua Pontuação Histórica
Você não jogou esse quiz